| 000 | 00505nam a22001817a 4500 | ||
|---|---|---|---|
| 003 | CEME | ||
| 005 | 20210628210025.0 | ||
| 008 | 210210b xxu||||| |||| 00| 0 eng d | ||
| 020 | _a0-13-469081-8 | ||
| 040 | _c. | ||
| 082 | _a005.71 INT | ||
| 100 |
_aTompkins, Willis.J Webster, John.G _977875 |
||
| 245 | _aInterfacing sensors to the ibm pc | ||
| 260 |
_aNEWYORK _bPRENTICE HALL _c1988 |
||
| 300 | _a445P | ||
| 650 |
_aCOMPUTER INTERFACES IBM PERSONAL COMPUTERS DETECTORS _977876 |
||
| 942 |
_cBK _2ddc |
||
| 999 |
_c583066 _d583066 |
||